000 01187nam a2200277 i 4500
001 bg
245 0 0 _aWstępny projekt Narodowego Planu Rozwoju 2007-2013.
246 1 4 _aNarodowy Plan Rozwoju :
_bwstępny projekt 2007-2013.
246 1 4 _aNarodowy Plan Rozwoju 2007-2013.
260 _aWarszawa :
_bMinisterstwo Gospodarki i Pracy. Departament Koordynacji Polityki Strukturalnej. Instytucja Zarządzająca Podstawami Wsparcia Wspólnoty,
_c2005.
300 _a105 s. :
_btabl. ;
_c30 cm.
500 _aNa s. tyt.: Dokument przyjęty przez Radę Ministrów 11 stycznia 2005 r.
500 _aU góry okł.: Narodowy Plan Rozwoju 2007-2013.
536 _a"Publikacja współfinansowana ze środków Europejskiego Funduszu Rozwoju Regionalnego w ramach Programu Operacyjnego Pomoc Techniczna"
650 9 _aRozwój gospodarczy
_xprojekty
_zPolska
_yod 2001 r.
650 9 _aPlanowanie gospodarcze
_zPolska
_yod 2001 r.
651 9 _aPolska
_xsytuacja gospodarcza
_yod 2001 r.
020 _a837451020X
040 _cBPK
041 0 _apol
044 _aPOL
080 _a346.51:338.26](438)
920 _a83-7451-020-X
942 _cKS
008 100825s2005 pl |000 0 pol
999 _c49594
_d49594
856 _uhttp://koha.tu.koszalin.pl/cgi-bin/koha/opac-detail.pl?biblionumber=49594
_yKatalog online BPK